00670nam a2200217Ia 450000100060000000300090000600800410001504000130005604000130006904100130008210000150009510000290011024500610013924500500020025000110025026000130026126000350027450000760030965000360038565000310042137661IT-RoPAU130308s9999 xx 000 0 und d aIT-RoPAU cIT-RoPAU aFRANCESE aRoy Michel gCodice Aut. SPICS: 17339 aUne Interview sur cassette avec Mons. M. Roy (le devoir) bMedia-Initiation (1)-La Presse (Con Cassetta) a1a ed. aMONTREAL bOffice Communications Sociales aCassetta con L'Intervista a Monsignor Michel Roy del giornale le Devoir aEDUCAZIONE ALLA STAMPA DI MASSA eCodice materia Spics: 6662